=LDR 00000nam 2200000 4500 =001 INLIS000000000038543 =005 20250409104113 =035 ##$$a 0010-061300000038543 =008 250409################g##########0#ind## =041 ##$$a Ind =082 ##$$a 641.5 =090 ##$$a 641.5, Ker k =245 ##$$a Kering kentang, Lauk praktis tahan lama /$c Editor, Intarina Hardiman =260 ##$$a Jakarta :$b Gramedia,$c 2011 =300 ##$$a 54 hlm. : $b ilus ; $c 14x21 cm =650 #4$$a Masakan Resep =700 #$$a Hardiman, Intarina =850 ##$$a NBPNMAT =020 ##$$a 978-979-22-6566-8 =084 ##$$a 641.5 KER k =990 ##$$a 0001/BPAP-NTB/2015 =990 ##$$a 11581158 =990 ##$$a 21109503 =990 ##$$a 0001/BPAP-NTB/2015